Kekuatan batang kelapa sawit sebagai bahan binaan altenatif /
Saved in:
| 主要作者: | |
|---|---|
| 格式: | Thesis 图书 |
| 语言: | Malay |
| 出版: |
2007.
|
| 主题: | |
| 标签: |
添加标签
没有标签, 成为第一个标记此记录!
|
| LEADER | 01085cam a2200277 a 4500 | ||
|---|---|---|---|
| 001 | u736325 | ||
| 003 | SIRSI | ||
| 005 | 200704060949 | ||
| 008 | 070406s2007 my a t 000 0 may m | ||
| 040 | |a UMM |d UMJ | ||
| 090 | |a TA145 |b UM 2007 Joho | ||
| 097 | |a TA145 |b UM 2007 Joho | ||
| 100 | 0 | |a Johari Othman. | |
| 245 | 1 | 0 | |a Kekuatan batang kelapa sawit sebagai bahan binaan altenatif / |c Johari Othman. |
| 260 | |c 2007. | ||
| 300 | |a xiii, 130 leaves : |b ill. ; |c 30 cm. | ||
| 502 | |a Dissertation (M.Eng.Sc.) -- Jabatan Kejuruteraan Awam, Fakulti Kejuruteraan, Universiti Malaya, 2007. | ||
| 504 | |a Bibliography: leaves 92-96. | ||
| 650 | 0 | |a Strength of materials. | |
| 650 | 0 | |a Building materials |x Testing. | |
| 650 | 0 | |a Palm oil industry |x By-products. | |
| 710 | 2 | |a Universiti Malaya. |b Jabatan Kejuruteraan Awam. | |
| 900 | |a MRM | ||
| 596 | |a 1 7 | ||
| 999 | |a TA145 UM 2007 JOHO |w LC |c 1 |i A512899635 |d 26/11/2007 |f 26/11/2007 |g 1 |l STACKS |m P01UTAMA |r Y |s Y |t TESIS |u 23/11/2007 | ||
| 999 | |a TA145 UM 2007 JOHO |w LC |c 1 |i A513003975 |d 18/8/2008 |f 18/8/2008 |g 1 |l STACKS |m P07JURUTER |r Y |s Y |t TESIS |u 15/8/2008 | ||
